| 000 | 00821nam a2200253Ia 4500 | ||
|---|---|---|---|
| 003 | OSt | ||
| 005 | 20221005103325.0 | ||
| 006 | a|||||r|||| 00| 0 | ||
| 007 | ta | ||
| 008 | 221004b |||||||| |||| 00| 0 hin d | ||
| 024 | _a18888 | ||
| 037 |
_bGift, 04/06/2015, _cTextual |
||
| 040 |
_aCRL _cCRL _bhin |
||
| 041 |
_2hin _ahin |
||
| 082 | _aO152,1J32,11, J6 | ||
| 100 | _aतुलसीदास | ||
| 245 | 0 | _aश्रीरामचरितमानस | |
| 246 | _aShrīrāmacharitamānasa | ||
| 260 |
_aगोरखपुर _bगीताप्रेस भारत _c1956 |
||
| 300 |
_a1061पृ0 _ccm. |
||
| 650 | _aहिन्दी साहित्य | ||
| 942 |
_hO152,1J32,11, J6 _cTEXL _2cc |
||
| 999 |
_c1009832 _d1009832 |
||